Mathematisches Begriffsworterbuch

Αποθηκεύτηκε σε:
Λεπτομέρειες βιβλιογραφικής εγγραφής
Κύριος συγγραφέας: Meschkowski, Herbert
Μορφή: Βιβλίο
Γλώσσα:German
Δημοσίευση: Mannheim : Bibliographisches Institut, c1965
Σειρά:B.I.-Hochschultaschenbucher ; ; 99/99a
Θέματα:
Ετικέτες: Προσθήκη ετικέτας
Δεν υπάρχουν, Καταχωρήστε ετικέτα πρώτοι!

MARC

LEADER 00000cam a2200000 i 4500
001 1/103685
008 090402s1965 ger d
035 |l 10104146 
040 |a GR-MY-UA  |b gre  |e aacr 
041 0 |a ger 
082 0 |a 510.3  |2 (22) 
100 1 |a Meschkowski, Herbert. 
245 1 0 |a Mathematisches Begriffsworterbuch /  |c Herbert Meschkowski 
260 |a Mannheim :   |b Bibliographisches Institut,   |c c1965 
300 |a 290 σ.;  |c 19 εκ. 
490 1 |a B.I.-Hochschultaschenbucher  |v ; 99/99a 
504 |a Περιέχει βιβλιογραφικές παραπομπές 
650 0 0 |a Mathematics  |x Dictionaries  |z German. 
830 0 |a B.I.-Hochschultaschenbucher ;  |v ; 99/99a 
852 |a INST  |b SAMOS  |c MAG  |e 20090402  |h 510.3 MES  |p 005300029018  |q 005300029018  |t BK  |y 0 
901 |a BIBL3-2009-1 
909 |a Σ  |b 155961 
970 |a ΡΟΥΣΣΟΥ  |b ΚΩΝΣΤΑΝΤΙΝΑ  |z 2009/04/02